| 000 | 01246nam a2200313 a 4500 | ||
|---|---|---|---|
| 001 | 76656 | ||
| 003 | BD-RjUL | ||
| 005 | 20211209082853.0 | ||
| 008 | 191230s1955 nyuac bc 000 0 eng d | ||
| 035 | _a(BD-RjUL) 76880 | ||
| 040 |
_aDLC _cBOS _dOCL _dm.c. _dSER _dOCL _dEQO _beng |
||
| 041 | _aeng | ||
| 082 |
_a759.1 _222 _bNEW 1955 |
||
| 092 | _aD0500845658 | ||
| 110 | 2 |
_aMuseum of Modern Art (New York, N.Y.) _9237177 |
|
| 245 | 1 | 4 |
_aThe new decade : _b22 European painters and sculptors / _cedited by Andrew Carnduff Ritchie, with statements by the artists. The Museum of Modern Art, New York, in collaboration with the Minneapolis Institute of Arts [and others |
| 260 |
_aNew York : _bMuseum of Modern Art, _c1955. |
||
| 300 |
_a111 p. : _billus., ports. ; _c25 cm |
||
| 500 | _a"Catalogue of the exhibition": p. 107-109 | ||
| 504 | _aBibliography: p. 110-111 | ||
| 650 | 0 |
_aArt, Modern _y20th century _vExhibitions. _9237178 |
|
| 650 | 0 |
_aPainting, Modern _y20th century _vExhibitions _9237179 |
|
| 650 | 0 |
_aSculpture, Modern _y20th century _xExhibitions _9237180 |
|
| 700 | 1 |
_aRitchie, Andrew Carnduff. _9237182 |
|
| 942 |
_2ddc _cBK |
||
| 999 |
_c76656 _d76656 |
||